日本の国定公園 - Statistics

General Stats
  • This quiz has been taken 41 times
  • The average score is 18 of 57
Answer Stats
Answer % Correct
大沼
50%
蔵王
42%
琵琶湖
42%
玄海
42%
網走
38%
下北半島
38%
津軽
38%
能登半島
38%
若狭湾
38%
三河湾
38%
壱岐対馬
38%
南房総
35%
明治の森高尾
35%
丹沢大山
35%
愛知高原
35%
明治の森箕面
35%
氷ノ山後山那岐山
35%
秋吉台
35%
剣山
35%
日南海岸
35%
暑寒別天売焼尻
31%
ニセコ積丹小樽海岸
31%
日高山脈襟裳
31%
男鹿
31%
鳥海
31%
佐渡弥彦米山
31%
越前加賀海岸
31%
八ヶ岳中信高原
31%
飛騨木曽川
31%
室生赤目青山
31%
比婆道後帝釈
31%
石鎚
31%
日豊海岸
31%
祖母傾
31%
栗駒
27%
越後三山只見
27%
水郷筑波
27%
中央アルプス
27%
鈴鹿
27%
丹後天橋立大江山
27%
高野龍神
27%
北長門海岸
27%
室戸阿南海岸
27%
北九州
27%
九州中央山地
27%
沖縄海岸
27%
早池峰
23%
妙義荒船佐久高原
23%
揖斐関ヶ原養老
23%
京都丹波高原
23%
金剛生駒紀泉
23%
西中国山地
23%
耶馬日田英彦山
23%
甑島
23%
沖縄戦跡
23%
天竜奥三河
19%
大和青垣
19%
No matching quizzes found
Score Distribution
Percent of People with Each Score
Percentile by Number Answered
Your Score History
You have not taken this quiz